Justo a tiempo : (Registro nro. 3627)
[ vista simple ]
| 000 -LEADER | |
|---|---|
| fixed length control field | 01369nam a2200313Ia 4500 |
| 003 - CONTROL NUMBER IDENTIFIER | |
| control field | OSt |
| 005 - DATE AND TIME OF LATEST TRANSACTION | |
| control field | 20201029141126.0 |
| 008 - FIXED-LENGTH DATA ELEMENTS--GENERAL INFORMATION | |
| fixed length control field | 191128t2003 ck gr 000 0 spa d |
| 020 ## - INTERNATIONAL STANDARD BOOK NUMBER | |
| International Standard Book Number | 9580470278 |
| 040 ## - CATALOGING SOURCE | |
| Original cataloging agency | CO-JMCR |
| Transcribing agency | CO-JMCR |
| 041 1# - LANGUAGE CODE | |
| Language code of text/sound track or separate title | spa |
| Language code of original | eng |
| 082 04 - DEWEY DECIMAL CLASSIFICATION NUMBER | |
| Classification number | 658.5 / |
| Item number | H412j |
| Edition number | 23 |
| 100 1# - MAIN ENTRY--PERSONAL NAME | |
| Personal name | Hay, Edward J., |
| Relator term | autor |
| 9 (RLIN) | 12213 |
| 245 10 - TITLE STATEMENT | |
| Title | Justo a tiempo : |
| Remainder of title | la técnica japonesa que genera mayor ventaja competitiva / |
| Statement of responsibility, etc. | Edward J. Hay ; traducción Margarita Cárdenas ; revisión técnica Alberto Arango S. |
| 260 ## - PUBLICATION, DISTRIBUTION, ETC. | |
| Place of publication, distribution, etc. | Bogotá : |
| Name of publisher, distributor, etc. | Norma, |
| Date of publication, distribution, etc. | ©2003 |
| 300 ## - PHYSICAL DESCRIPTION | |
| Extent | 255 páginas ; |
| Dimensions | 18 cm. |
| 490 0# - SERIES STATEMENT | |
| Series statement | Gerencia |
| 500 ## - GENERAL NOTE | |
| General note | Título original: The just-in-time breakthrough: implementing the new manufacturing basics. |
| 505 0# - FORMATTED CONTENTS NOTE | |
| Formatted contents note | Pero ¿sí funcionará en mi empresa? |
| 520 3# - SUMMARY, ETC. | |
| Summary, etc. | Esta obra es una guía única que les muestra alos gerentes cómo resolver problemas prácticos tales como nivelar cargas de trabajo, establecer celdas de maquinaria y reducir el tiempo de aislamiento. |
| 546 ## - LANGUAGE NOTE | |
| Language note | Traducido del inglés |
| 650 14 - SUBJECT ADDED ENTRY--TOPICAL TERM | |
| Topical term or geographic name entry element | Administración de empresas |
| 9 (RLIN) | 12214 |
| 650 14 - SUBJECT ADDED ENTRY--TOPICAL TERM | |
| Topical term or geographic name entry element | Justo a tiempo (Sistema de manufactura) |
| 9 (RLIN) | 12215 |
| 650 14 - SUBJECT ADDED ENTRY--TOPICAL TERM | |
| Topical term or geographic name entry element | Administración industrial |
| 9 (RLIN) | 11433 |
| 650 14 - SUBJECT ADDED ENTRY--TOPICAL TERM | |
| Topical term or geographic name entry element | Uso del tiempo |
| 9 (RLIN) | 12216 |
| 700 1# - ADDED ENTRY--PERSONAL NAME | |
| Personal name | Cárdenas, Margarita, |
| Relator term | traductora |
| 9 (RLIN) | 11411 |
| 700 1# - ADDED ENTRY--PERSONAL NAME | |
| Personal name | Arango S., Alberto, |
| Relator term | revisor |
| 9 (RLIN) | 12217 |
| 942 ## - ADDED ENTRY ELEMENTS (KOHA) | |
| Source of classification or shelving scheme | Dewey Decimal Classification |
| Koha item type | Books |
| Withdrawn status | Lost status | Source of classification or shelving scheme | Damaged status | Not for loan | Collection code | Home library | Current library | Date acquired | Source of acquisition | Full call number | Barcode | Date last seen | Copy number | Koha item type |
|---|---|---|---|---|---|---|---|---|---|---|---|---|---|---|
| Dewey Decimal Classification | Non-fiction | Biblioteca Pública José María del Castillo y Rada | Biblioteca Pública José María del Castillo y Rada | 07/12/2018 | Donación | 658.5 / H412j | 201807501 | 05/16/2024 | Ej.1 | Books |